| 000 | 00607nam a2200157 i 4500 | ||
|---|---|---|---|
| 001 | 94264 | ||
| 003 | ES-MaACL | ||
| 005 | 20230906181435.0 | ||
| 007 | t| | ||
| 008 | 050427s1961 sp ||||1| spa d | ||
| 100 | 1 |
_aLópez Santos, Luis. _973968 |
|
| 245 | 1 | 0 |
_aCrónica general de los actos celebrados en León (1 de Mayo-31 de Octubre 1960) en conmemoración del XIV Centenario del nacimiento de San Isidoro (560- 1960) / _cLuis López Santos. |
| 260 |
_aLeón : _bCentro de Estudios e Investigaciones San Isidoro, _c1961. |
||
| 300 |
_a237 p., 26 lám. ; _c25 cm. |
||
| 852 |
_aES-MaACL _jC-21833 _bR.50128 |
||
| 999 |
_c94264 _d94264 |
||